| 000 | 00919nam a22002177a 4500 | ||
|---|---|---|---|
| 003 | SISC | ||
| 005 | 20170927102459.0 | ||
| 008 | 170927b xxu||||| |||| 00| 0 eng d | ||
| 020 | _a9780545299916 | ||
| 050 |
_aPZ 7 _b.B2128Pie 2016 |
||
| 100 |
_aBalliett, Blue _eAuthor |
||
| 245 |
_aPieces and players / _cBlue Balliett |
||
| 260 |
_aNew York : _bScholastic, Inc., _c2016. |
||
| 300 |
_a306 pages : _billustrations ; _c20 cm. |
||
| 520 | _a"When 13 high-value pieces of art are stolen from a secret museum, Calder, Petra and Tommy are grouped with two new companions to solve puzzles that are complicated by the clever Mrs. Sharpe." (Source: WorldCat) | ||
| 650 |
_2Library of Congress Subject Headings _aArt _xJuvenile fiction |
||
| 650 |
_2Library of Congress Subject Headings _aMuseums _xJuvenile fiction |
||
| 650 |
_2Library of Congress Subject Headings _aArt _xFiction |
||
| 942 |
_2lcc _cBK |
||
| 999 |
_c344411 _d344411 |
||